US Salernitana 1919 Squad 2022-2023 - Statistics

General Stats
  • This quiz has been taken 51 times
    27 since last reset
  • The average score is 23 of 36
Answer Stats
# Position Nation Player % Correct
33 GK Italy Luigi Sepe
100%
87 MF Italy Antonio Candreva
94%
13 GK Mexico Guillermo Ochoa
94%
23 DF Slovakia Norbert Gyömbér
94%
29 FW Senegal Boulaye Dia
89%
17 DF Argentina Federico Fazio
89%
- Coach Portugal Paulo Sousa
89%
2 DF Tunisia Dylan Bronn
83%
99 FW Poland Krzysztof Piątek
83%
18 MF Mali Lassana Coulibaly
83%
66 DF Italy Matteo Lovato
83%
11 FW Norway Erik Botheim
78%
25 MF Italy Giulio Maggiore
78%
20 MF Cyprus Grigoris Kastanos
78%
98 DF Italy Lorenzo Pirola
78%
10 MF Netherlands Tonny Vilhena
78%
8 MF Norway Emil Bohinen
72%
5 DF Austria Flavius Daniliuc
72%
30 DF Italy Pasquale Mazzocchi
72%
1 GK Italy Vincenzo Fiorillo
72%
- Coach Italy Davide Nicola
67%
9 FW Italy Federico Bonazzoli
67%
3 DF Croatia Domagoj Bradarić
61%
14 FW Chile Diego Valencia
56%
6 DF France Junior Sambia
56%
16 MF Serbia Ivan Radovanović
50%
15 DF Nigeria William Troost-Ekong
44%
41 MF Italy Hans Nicolussi Caviglia
39%
19 FW Norway Julian Kristoffersen
39%
35 DF Moldova Andrei Moțoc
28%
39 MF Italy Antonio Pio Iervolino
28%
22 MF Slovenia Domen Črnigoj
28%
28 MF Italy Leonardo Capezzi
22%
26 DF France Sanasi Sy
17%
12 GK Italy Alessandro Micai
11%
71 GK Italy Jacopo De Matteis
6%
No matching quizzes found
Score Distribution
Percent of People with Each Score
Percentile by Number Answered
Your Score History
You have not taken this quiz since the last reset